<?xml version="1.0" encoding="UTF-8"?><?xml-stylesheet type="text/xsl" href="static/style.xsl"?><OAI-PMH xmlns="http://www.openarchives.org/OAI/2.0/" xmlns:xsi="http://www.w3.org/2001/XMLSchema-instance" xsi:schemaLocation="http://www.openarchives.org/OAI/2.0/ http://www.openarchives.org/OAI/2.0/OAI-PMH.xsd"><responseDate>2026-04-13T13:17:41Z</responseDate><request verb="GetRecord" identifier="oai:www.recercat.cat:2117/328471" metadataPrefix="marc">https://recercat.cat/oai/request</request><GetRecord><record><header><identifier>oai:recercat.cat:2117/328471</identifier><datestamp>2025-07-16T22:30:42Z</datestamp><setSpec>com_2072_1033</setSpec><setSpec>col_2072_452949</setSpec></header><metadata><record xmlns="http://www.loc.gov/MARC21/slim" xmlns:dcterms="http://purl.org/dc/terms/" xmlns:xsi="http://www.w3.org/2001/XMLSchema-instance" xmlns:doc="http://www.lyncode.com/xoai" xsi:schemaLocation="http://www.loc.gov/MARC21/slim http://www.loc.gov/standards/marcxml/schema/MARC21slim.xsd">
   <leader>00925njm 22002777a 4500</leader>
   <datafield ind2=" " ind1=" " tag="042">
      <subfield code="a">dc</subfield>
   </datafield>
   <datafield ind2=" " ind1=" " tag="720">
      <subfield code="a">Moreira, Denise de Azeredo</subfield>
      <subfield code="e">author</subfield>
   </datafield>
   <datafield ind2=" " ind1=" " tag="720">
      <subfield code="a">Kujawa, Henrique</subfield>
      <subfield code="e">author</subfield>
   </datafield>
   <datafield ind2=" " ind1=" " tag="720">
      <subfield code="a">Neckel, Alcindo</subfield>
      <subfield code="e">author</subfield>
   </datafield>
   <datafield ind2=" " ind1=" " tag="720">
      <subfield code="a">Oliveira, Marcos</subfield>
      <subfield code="e">author</subfield>
   </datafield>
   <datafield ind2=" " ind1=" " tag="720">
      <subfield code="a">Maculan, Laércio Stolfo</subfield>
      <subfield code="e">author</subfield>
   </datafield>
   <datafield ind2=" " ind1=" " tag="260">
      <subfield code="c">2020-09-28</subfield>
   </datafield>
   <datafield ind2=" " ind1=" " tag="520">
      <subfield code="a">El capitalismo globalizado es un sistema político que favorece la existencia de ciudades con grandes concentraciones de capital, especulación inmobiliaria y segregación social. Por lo tanto, fomentan la aparición de condiciones de informalidad y bajos ingresos que afectan una parte importante de la población urbana, las cuáles, además de contribuir a la aparición de vecindarios informales crean también espacios periféricos con poca infraestructura. El artículo que se desarrolla tiene como objetivo evaluar la evolución del barrio São Luiz Gonzaga, ciudad de Passo Fundo (RS-Brasil), en la última década, identificando la densidad de población así como el desarrollo de vacíos urbanos y sus posibles relaciones con las leyes que norman las ocupaciones irregulares. Desde el punto de vista metodológico en el trabajo se realiza un estudio de exploración analizando los datos obtenidos por el Sistema de Información Geográfica (SIG) en el periodo de tiempo comprendido entre el año 2000 y el 2017), la observación in situ y la medición de vías y predios para caracterizar el índice de ocupación irregular. Los resultados muestran que en la última década hubo un crecimiento del vecindario, aumentando la densidad en ciertas áreas y, al mismo tiempo, consolidando un vacío urbano, favoreciendo la ocupación irregular promovida por los sectores sociales que luchan por lograr el derecho a la vivienda.</subfield>
   </datafield>
   <datafield tag="653" ind2=" " ind1=" ">
      <subfield code="a">Àrees temàtiques de la UPC::Urbanisme</subfield>
   </datafield>
   <datafield tag="653" ind2=" " ind1=" ">
      <subfield code="a">Housing -- Brazil -- Passo Fundo</subfield>
   </datafield>
   <datafield tag="653" ind2=" " ind1=" ">
      <subfield code="a">Sociology, Urban -- Brazil -- Passo Fundo</subfield>
   </datafield>
   <datafield tag="653" ind2=" " ind1=" ">
      <subfield code="a">Especulaciones inmobiliarias</subfield>
   </datafield>
   <datafield tag="653" ind2=" " ind1=" ">
      <subfield code="a">Derecho a la vivienda</subfield>
   </datafield>
   <datafield tag="653" ind2=" " ind1=" ">
      <subfield code="a">Movimientos sociales</subfield>
   </datafield>
   <datafield tag="653" ind2=" " ind1=" ">
      <subfield code="a">Diseño urbano</subfield>
   </datafield>
   <datafield tag="653" ind2=" " ind1=" ">
      <subfield code="a">Real estate speculation</subfield>
   </datafield>
   <datafield tag="653" ind2=" " ind1=" ">
      <subfield code="a">Right to housing</subfield>
   </datafield>
   <datafield tag="653" ind2=" " ind1=" ">
      <subfield code="a">Social movements</subfield>
   </datafield>
   <datafield tag="653" ind2=" " ind1=" ">
      <subfield code="a">Urban design</subfield>
   </datafield>
   <datafield tag="653" ind2=" " ind1=" ">
      <subfield code="a">Habitatge -- Brasil -- Passo Fundo</subfield>
   </datafield>
   <datafield tag="653" ind2=" " ind1=" ">
      <subfield code="a">Sociologia urbana -- Brasil -- Passo Fundo</subfield>
   </datafield>
   <datafield ind2="0" ind1="0" tag="245">
      <subfield code="a">Ocupación urbana ordenada: estudio de caso Chácara Bela Vista, Brasil</subfield>
   </datafield>
</record></metadata></record></GetRecord></OAI-PMH>